Transformers
Guardat en:
| Autor corporatiu: | |
|---|---|
| Format: | Llibre |
| Idioma: | Undetermined |
| Publicat: |
New York
McGraw-Hill
2005
|
| Matèries: | |
| Etiquetes: |
Afegir etiqueta
Sense etiquetes, Sigues el primer a etiquetar aquest registre!
|
| Thư viện lưu trữ: | Trung tâm Học liệu Trường Đại học Cần Thơ |
|---|
| LEADER | 00513nam a2200193Ia 4500 | ||
|---|---|---|---|
| 001 | CTU_97505 | ||
| 008 | 210402s9999 xx 000 0 und d | ||
| 020 | |c 1822800 | ||
| 082 | |a 621.314 | ||
| 082 | |b B575 | ||
| 110 | |a Bharat Heavy Electricals Limited | ||
| 245 | 0 | |a Transformers | |
| 245 | 0 | |c Bharat Heavy Electricals Limited | |
| 260 | |a New York | ||
| 260 | |b McGraw-Hill | ||
| 260 | |c 2005 | ||
| 650 | |a Electric transformers | ||
| 904 | |i Minh | ||
| 980 | |a Trung tâm Học liệu Trường Đại học Cần Thơ | ||